|
|
|
|
| LEADER |
00000nab a2200000 a 4500 |
| 001 |
vtls000771630 |
| 003 |
SK-MaSNL |
| 005 |
20260426081751.0 |
| 008 |
250429c2001 xo 0 slo |
| 015 |
|
|
|a SNBRB2001/10-30152
|
| 035 |
|
|
|a CLN000123417
|
| 035 |
|
|
|a (urnnbn)urn:nbn:sk:snk:ar-006oss
|
| 035 |
|
|
|a (uuid)f2cc2211-164e-4548-bdce-68fc2c2656f0
|
| 035 |
|
|
|a urn:nbn:sk:snk-ab877x
|
| 040 |
|
|
|a SNKBUCL
|b slo
|c SNKBUCL
|e AACR2
|
| 041 |
0 |
|
|a slo
|
| 044 |
|
|
|a xo
|c SK
|
| 080 |
|
|
|a 636.32/.38.03(437.6)
|2 1997
|
| 080 |
|
|
|a 636.082:061.62(437.6)
|2 1997
|
| 100 |
1 |
|
|a Matta, Marcel
|4 aut
|9 534759
|
| 245 |
1 |
0 |
|a Štátny plemenársky ústav SR - technická modernizácia kontroly úžitkovosti
|c Marcel Matta, Mária Štefanková
|
| 300 |
|
|
|b Fotogr.
|
| 610 |
|
7 |
|a Štátny plemenársky ústav Slovenskej republiky (Bratislava, Slovensko)
|2 snkbucl
|9 737224
|
| 650 |
0 |
7 |
|a ovce
|x kontroly úžitkovosti
|2 snkbucl
|9 1404726
|
| 651 |
|
7 |
|a Bratislava (Slovensko)
|2 snkbucl
|9 14568
|
| 655 |
|
7 |
|a články z novín a časopisov
|2 snkbucl
|9 267496
|
| 700 |
1 |
|
|a Štefánková, Mária,
|d 1951-
|4 aut
|9 86067
|
| 773 |
0 |
|
|t Slovenský chov
|g Roč. 6, č. 7 (2001), s. 17-18
|x 1335-1990
|
| 850 |
|
|
|a Slovenská národná knižnica
|
| 852 |
|
|
|a Slovenská národná knižnica
|
| 954 |
|
|
|a odborná, vedecká literatúra pôvodná (slovenská)
|2 lita
|
| 958 |
|
|
|a article9
|
| 958 |
|
|
|a SK
|
| 958 |
|
|
|a OND
|
| 958 |
|
|
|a EUIPO
|
| 999 |
|
|
|c 2852014
|d 2853944
|